Datas matogrossenses / (Record no. 1256)

MARC details
000 -LÍDER
Campo Fixo de Controle 00651nam a2200217 a 4500
001 - NÚMERO DE CONTROLE
Campo de Controle 1256
003 - IDENTIFICAÇÃO DO NÚMERO DE CONTROLE
Campo de Controle BR-CuiBMT
005 - DATA E HORA DA ÚLTIMA ATUALIZAÇÃO
Campo de Controle 20231206232620.0
008 - DADOS FIXOS
Dados Fixos 231201s2012 mtb 000 0 por d
040 ## - AGÊNCIA CATALOGADORA
Código da Agência Catalogadora BR-CuiBMT
Agência que transcreveu o registro BR-CuiBMT
080 ## - Nº DA CLASSIFICAÇÃO DECIMAL UNIVERSAL
Nº edição CDU 2007
Nº Class. CDU 930.24
Subd. Auxiliar Comum (817.2)
090 ## - NÚMERO DE CHAMADA
Nº classificação 930.24(817.2)
Cutter M539d
100 1# - ENTRADA PRINCIPAL -- AUTOR PESSOAL
Nome pessoal Mendonça, Estevão de,
Datas associadas ao nome 1869-1949
245 10 - TÍTULO PRINCIPAL
Título principal Datas matogrossenses /
Indicação de responsabilidade Estevão de Mendonça.
260 ## - PUBLICAÇÃO, DISTRIBUIÇÃO, ETC.
Local de publicação Cuiabá :
Editora SEC-MT;
-- Integrar;
-- Defanti,
Data 2012.
300 ## - DESCRIÇÃO FÍSICA
N. páginas ou volumes 2 v. ;
Dimensões 21 cm
490 1# - INDICAÇÃO DE SÉRIE
Título da série Coleção memórias históricas
650 ## - ASSUNTO TÓPICO
Cabeçalho tópico ou nome geográfico Datas históricas
Subdivisão geográfica Mato Grosso
830 #0 - ENTRADA SECUNDÁRIA DE SÉRIE -- TÍTULO UNIFORME
Título uniforme Memórias históricas
942 ## - ELEMENTOS DE ENTRADA ADICIONAIS (KOHA)
Fonte de classificação ou esquema de arquivamento Classificação Decimal Universal
Tipo de item do Koha Livros
Holdings
Estado: removido Estado: perdido Fonte de classificação ou esquema de arquivamento Estado: danificado Indisponível para empréstimo Localização permanente Localização atual Data de aquisição Numeração serial ou cronológica (Volume) Total Checkouts Número de Chamada completo Código de barras Date last seen Número do exemplar Preço efetivo a partir de Tipo de item (Koha)
    Classificação Decimal Universal     Biblioteca da Escola Superior de Contas do TCE/MT Biblioteca da Escola Superior de Contas do TCE/MT 02/12/2023 v. 2   930.24(817.2) M539d BIBTCEMT23120063 02/12/2023 Ex. 1 02/12/2023 Livros
    Classificação Decimal Universal     Biblioteca da Escola Superior de Contas do TCE/MT Biblioteca da Escola Superior de Contas do TCE/MT 02/12/2023 v. 1   930.24(817.2) M539d BIBTCEMT23120065 02/12/2023 Ex. 1 02/12/2023 Livros

Powered by Koha